00461nam a2200193 a 4500001001300000003000900013005001700022008004100039020001200080082001300092100001400105245002400119260003200143300000900175500003500184505001000219650002400229700001400253nice12345678IN_TiNIC20260116011257.0050524s1962 bosa grp 000 0 eng  ac58.7500a938bTAR aTarn, W W aAlexander the Great aBostonbBeacon Press c1962 a160p aincludes index and biblioraphy2 aindex aAlexander the Great1 aTarn, W W